000 01089cam a2200229 4500500
005 20260111075719.0
041 _afre
042 _adc
100 1 0 _aFrançon, Alain
_eauthor
245 0 0 _aEssai clinique randomisé de non-infériorité d’un comparant deux modalités de traitement thermal dans l’arthrose du genou : un programme de cure thermale allégé associé à une rééducation n’est pas non inférieur à une cure thermale standard pour le critère de jugement principal de jugement choisi à 6 mois (MCII). La non-infériorité est toutefois observée pour une grande partie des autres critères de jugement
260 _c2021.
500 _a16
690 _abalneology
690 _abalneotherapy
690 _aclimatology
690 _acrenotherapy
690 _ahydrotherapy
690 _amud therapy
690 _aspa-therapy
786 0 _nLa Presse thermale et climatique | 158 | 1 | 2021-04-17 | p. 347e-352e | 0032-7875
856 4 1 _uhttps://stm.cairn.info/revue-la-presse-thermale-et-climatique-2021-1-page-347e?lang=fr&redirect-ssocas=7080
999 _c1615724
_d1615724